| 000 | 00594nam a22001817a 4500 | ||
|---|---|---|---|
| 005 | 20251108164218.0 | ||
| 008 | 250721s1978 xx 000 0 ara d | ||
| 082 | 1 | 4 | _a301,54095669/عبد |
| 100 | 1 | _aالجرداوي، عبد الرؤوف عبد العزيز | |
| 245 | 1 | 0 | _aالإسكان في الكويت / |
| 264 | 1 |
_aالكويت : _bشركة كاظمة للنشر والتوزيع والترجمة، _c1978. |
|
| 300 | _a267ص | ||
| 490 | 0 | _aدراسة في الأجتماع الحضري | |
| 650 | 1 | 7 | _aالإسكان |
| 650 | 1 | 7 | _aالكويت |
| 942 |
_2ddc _cBK |
||
| 999 |
_c6494 _d6494 |
||